Proceedings of the 2nd International Conference on Green Communications and Networks 2012 (GCN 2012): Volume 5 (Record no. 229702)

MARC details
000 -LEADER
fixed length control field 00636nam a2200145Ia 4500
008 - FIXED-LENGTH DATA ELEMENTS--GENERAL INFORMATION
fixed length control field 231221s9999 xx 000 0 und d
020 ## - INTERNATIONAL STANDARD BOOK NUMBER
International Standard Book Number 978-3-642-35398-7
041 ## - LANGUAGE CODE
Language code of text/sound track or separate title English
100 ## - MAIN ENTRY--PERSONAL NAME
Personal name Yuhang Yang, Maode Ma
245 #0 - TITLE STATEMENT
Title Proceedings of the 2nd International Conference on Green Communications and Networks 2012 (GCN 2012): Volume 5
260 ## - PUBLICATION, DISTRIBUTION, ETC.
Date of publication, distribution, etc. 2013
Name of publisher, distributor, etc. Springer Berlin Heidelberg
Place of publication, distribution, etc. New York
440 ## - SERIES STATEMENT/ADDED ENTRY--TITLE
Title Lecture Notes in Electrical Engineering
650 ## - SUBJECT ADDED ENTRY--TOPICAL TERM
Topical term or geographic name entry element Communications Engineering, Networks; Renewable and Green Energy; Environmental Engineering/Biotechnology; Information Systems and Communication Service
942 ## - ADDED ENTRY ELEMENTS (KOHA)
Koha item type E-Books
Holdings
Date last seen Total checkouts Accession number Volume/Issue Number Uniform resource identifier Price effective from Category Lost status Damaged status Department Withdrawn status Home library Current library Shelving location Entry date Billnumber Currency symbol Conversion rate Discount Old discount
26/01/2024   EB12192 227 http://link.springer.com/openurl?genre=book&isbn=978-3-642-35397-0 26/01/2024 E-Books     Central Library   Central Library Central Library Central Library   22843 RS 1    

© For any Suggestions or Query, please contact the library staff @ librarian@pes.edu or Phone: +9180 2672 1983/ 2108.